| 000 | 01280nam a22001937a 4500 | ||
|---|---|---|---|
| 005 | 20140911121206.0 | ||
| 008 | 140911b xxu||||| |||| 00| 0 eng d | ||
| 020 | _a9780335244751 | ||
| 050 |
_aRT 73 _b.St94 2012 |
||
| 245 |
_aThe student nurse handbook / _cEdited by Liz Aston and Lesley Strouther. |
||
| 260 |
_aMaidenhead : _bOpen University Press, _cc2012. |
||
| 300 |
_a119 pages ; _c23 cm. |
||
| 505 | _aIntroduction 1. What Does it Mean to be a Nurse? 2. Preparing to Undertake the Course 3. Getting the Most out of your First Placement 4. Support Systems whilst on Placement 5. Issues when Working on Placements 6. Accountability Issues 7. Providing Evidence in your Portfolio to Support your Practice Achievement 8. Transition: Becoming a Registered Nurse. | ||
| 520 | _aCo-published with the Nursing Standard, this fun and friendly guide to being a student nurse is written by student nurses for student nurses. The book offers invaluable peer to peer advice on the key challenges of the pre-registration nursing cause, based on real experiences and with commentary from two experienced nurses. | ||
| 521 | _aNUR | ||
| 650 |
_aNursing _xStudy and teaching _xHandbooks, manuals, etc. |
||
| 650 |
_aNursing students _xHandbooks, manuals, etc. |
||
| 942 |
_2lcc _cBK _kFOR |
||
| 999 |
_c275566 _d275566 |
||